000 00273nam a22001217a 4500
008 180517b xxu||||| |||| 00| 0 eng d
041 _aeng
080 _a043.3
100 _a0
101 _aARK-BA
245 _aShtatorja - Hyjnesha ne fron
_cKrasniqi, E
942 _2udc
_cBK
999 _c45907
_d45907